| 000 | 00378nam a22001457a 4500 | ||
|---|---|---|---|
| 020 | _a9788120336452 | ||
| 082 | _a621.31042 DES | ||
| 100 | _aDeshpande, M.V. | ||
| 245 | _aDesign and testing of electrical machines | ||
| 260 |
_aNew Delhi, India _bPHI Learning _c2010 |
||
| 300 |
_axvi, 495 p. _bill. ; |
||
| 500 | _aIncludes index. | ||
| 650 | _aElectric machinery | ||
| 942 | _cBK | ||
| 999 |
_c12615 _d12615 |
||